00708 2200181 4500245004000000020002200040250001100062100001600073700001500089650001700104005001900121260003100140041001400171084001100185300002300196500029800219336000900517 aCinta dalam DiamcShineeminkahText a978-602-6940-60-5 aCet. 1 aShineeminka aUly Amalia aNovel Remaja a20231002105019 aDepokbBintang Mediac2017 aIndonesia a808.83 a352 hlm. :c20 cm. aSeindah cinta yang dimiliki oleh ali dan fatimah mereka menyimpan cinta mereka dalam diam, hanya doalah yang menjadi jalan agar rasa itu tetap dapat terjaga kesuciannya. Jalan yang mempertemukan cinta dan semua perasaan dengan tanggung jawab. Dan disini cinta tak pernah meminta untuk dinanti. atext